00405nam a2200145Ia 4500003000400000008004100004040001600045082001800061100002400079245005800103490001600161650002800177650003000205650002400235GCL140319s9999 xx 000 0 ara d aGCL / cGCL04a813.01bث ق1 aثروت اباظة10aقراءات ومشاهدات / cثروت اباظة aكتابv004aالادب العربى04aالقصص القصيرة04aثروت اباظة